000 00580cab a2200193 4500
001 ABS37015
008 090401t1986 xxu||||| |||| 00| 0 eng d
035 _a(Sirsi) u1567
041 _aeng
245 _aRemember: keep a written record
260 _c1986
350 _a0
490 _aChartered Surveyor Weekly
_v17(4) 23 October 1986, 393(1)
520 _aCareful recording of client instructions is essential for surveyors involved in disputes over negligence claims.
650 _aPROFESSIONAL INDEMNITY
690 _aInsurance
_96249
942 _n0
948 _c04/03/1997
999 _c883
_d883